000
00309nam a2200121Ia 4500
008
240719s9999 xx 000 0 und d
041
_a
eng
082
_a
294.592 GAN
100
_a
Ganatra, Ami
245
_a
Mahabharata Unravelled
260
_a
New Delhi
_b
Bloomsbury Publishing
_c
2021
300
_a
373.; P 23 Cm
999
_c
41304
_d
41304